000 00462 a2200169 4500
999 _c9395
_d9395
020 _a000000000
050 _aKTL3573 SIL 1969
100 _aSilke, A. S.
_eauthor
245 _aSiklke on South African income tax /
_cA. S. Silke
250 _a6th ed.
264 _aCape Town :
_bJuta & Co.
_c1969.
300 _a1415p. :
500 _aIncludes index
650 _aIncome tax---South Africa
651 _aSouth Africa
942 _2lcc
_cBK
_e6th ed.
_h3573
_iSIL
_kKTL